000
00329nam a2200157Ia 4500
100
_a
Roberts/ Simon
250
_a
3
942
_c
BK
654
_a
Computer
245
_a
Complete Java 2 Certification : Study Guide
260
_b
B.P.B
_c
2001
082
_a
5.133
_b
ROB
300
_a
900
546
_a
ENGLISH
999
_c
32259
_d
32259